| 000 -LEADER | |
|---|---|
| fixed length control field | 00380nam a22001577a 4500 |
| 005 - DATE AND TIME OF LATEST TRANSACTION | |
| control field | 20200521150650.0 |
| 008 - FIXED-LENGTH DATA ELEMENTS--GENERAL INFORMATION | |
| fixed length control field | 200521b xxu||||| |||| 00| 0 eng d |
| 020 ## - INTERNATIONAL STANDARD BOOK NUMBER | |
| ISBN | 9789352530083 |
| 041 ## - LANGUAGE CODE | |
| Language code of text/sound track or separate title | eng |
| 082 ## - DEWEY DECIMAL CLASSIFICATION NUMBER | |
| Classification number | 425 WRN |
| 100 ## - MAIN ENTRY--AUTHOR NAME | |
| Personal name | WRN.PC and Martin H |
| 245 ## - TITLE STATEMENT | |
| Title | High School English Grammar and Composition |
| 300 ## - PHYSICAL DESCRIPTION | |
| Number of Pages | 420p. |
| 650 ## - SUBJECT ADDED ENTRY--TOPICAL TERM | |
| Topical Term | English |
| 942 ## - ADDED ENTRY ELEMENTS (KOHA) | |
| Koha item type | Books |
| Lost status | Damaged status | Collection code | Home library | Current library | Shelving location | Date acquired | Source of acquisition | Cost, normal purchase price | Full call number | Accession Number | Koha item type |
|---|---|---|---|---|---|---|---|---|---|---|---|
| Reference | JRU Library | JRU Library | Shelf - 13- E | 02/06/2020 | PURCHASE | 530.00 | 425 WRN | 24299 | Books | ||
| LIFE SKILL | JRU Library | JRU Library | SHELF-102-C | 02/06/2020 | PURCHASE | 530.00 | 425 WRN | 24300 | Books | ||
| LIFE SKILL | JRU Library | JRU Library | SHELF-102-C | 02/06/2020 | PURCHASE | 530.00 | 425 WRN | 24301 | Books | ||
| LIFE SKILL | JRU Library | JRU Library | SHELF-102-C | 02/06/2020 | PURCHASE | 530.00 | 425 WRN | 24302 | Books | ||
| LIFE SKILL | JRU Library | JRU Library | SHELF-102-C | 02/06/2020 | PURCHASE | 530.00 | 425 WRN | 24303 | Books |